Statistics for The Scientist Lyrics

Click here to take the quiz!

General Stats

  • This quiz has been taken 1,292 times
  • The average score is 19 of 25

Answer Stats

Hint Answer % Correct
Come up to meet you, tell you I'm {sorry},
99%
Nobody said it was {easy}
92%
Oh let's go back to the {start}
90%
Oh, take me {back} to the start.
90%
You don't know how {lovely} you are.
90%
It's such a {shame} for us to part
89%
Tell you I set you {apart}.
88%
Nobody {said} it was easy,
87%
Oh, no one ever said it would be this {hard}.
86%
Running in {circles}, chasing our tails,
85%
{Nobody} said it was easy,
85%
Oh, it's such a shame for us to {part}.
85%
{No} {one} ever said it would be this hard,
82%
I was just guessing at {numbers} and figures,
82%
I'm {going} back to the start...
82%
Tell me your {secrets} and ask me your questions,
80%
Questions of science, science and {progress}
72%
Tell me you love me, come back and {haunt} me,
64%
Running in circles, coming in {tails},
64%
Coming back as {we} {are}.
60%
Heads on a {science} apart.
59%
Pulling the {puzzles} apart.
55%
Oh and I {rush} to the start
48%
I had to {find} you, tell you I {need} you,
47%
Did not {speak} as loud as my {heart}.
43%

Score Distribution

Percentile by Number Answered

Percent of People with Each Score

Your Score History

You have not taken this quiz